书目信息 |
| 题名: |
老战士诗文集
|
|
| 作者: | 《老战士诗文集》编委会编 | |
| 分册: | 第三集 | |
| 出版信息: | 北京 新华出版社 1985 |
|
| 页数: | 514页 | |
| 开本: | 20cm | |
| 丛书名: | ||
| 单 册: | ||
| 中图分类: | I216.1 , I211 | |
| 科图分类: | ||
| 主题词: | 诗歌--中国--现代--选集 , 回忆录--中国--现代--选集 , 文学--作品集--中国 | |
| 电子资源: | ||
| ISBN: | ||
| 000 | 00710nam0 2200265 45 | |
| 001 | 0185005045 | |
| 005 | 20040415102114.2 | |
| 010 | @dCNY2.70 | |
| 091 | @a10203.147 | |
| 100 | @a19901106d1985 em y0chiy0121 ea | |
| 101 | 0 | @achi |
| 102 | @aCN@b110000 | |
| 105 | @ay z 000zd | |
| 106 | @ar | |
| 200 | 10 | @a老战士诗文集@Alao zhan shi shi wen ji@h第三集@f《老战士诗文集》编委会编 |
| 210 | @a北京@c新华出版社@d1985 | |
| 215 | @a514页@d20cm | |
| 606 | @a诗歌@y中国@z现代@x选集 | |
| 606 | @a回忆录@y中国@z现代@x选集 | |
| 606 | 0 | @a文学@x作品集@x中国 |
| 690 | @aI216.1@v3 | |
| 690 | @aI211 | |
| 801 | 0 | @aCN@b深圳图书馆@c20040415 |
| 801 | 2 | @aCN@bNLC@c20040415 |
| 905 | @f2@b153092-093@dI211@e33:3 | |
| 老战士诗文集.第三集/《老战士诗文集》编委会编.-北京:新华出版社,1985 |
| 514页;20cm |
| ISBN :CNY2.70 |
| ● |
| 相关链接 |
|
|
|
|
正题名:老战士诗文集
索取号:I211/33:3
 
预约/预借
| 序号 | 登录号 | 条形码 | 馆藏地/架位号 | 状态 | 备注 |
| 1 | 0153092 | 001399258 | 第二借阅区/ [索取号:I211/33:3] | 在馆 | |
| 2 | 0153093 | 001399267 | 密集书库/ [索取号:I211/33:3] | 在馆 | |
| 3 | 0153094 | 001399329 | 第一样本阅览室/ [索取号:I211/33:3] | 在馆 |